[Event "Central London Open"]
[Site "London"]
[Date "2022.11.06"]
[Round "5.5"]
[White "Lundback, Anders"]
[Black "Lalic, Peter D"]
[Result "0-1"]
[WhiteElo "1811"]
[BlackElo "2197"]
[PlyCount "114"]
[EventDate "2022.11.04"]
[EventType "swiss"]
[EventRounds "5"]
[EventCountry "ENG"]
[SourceTitle "BritBase"]
[Source "John Saunders"]
[SourceDate "2023.06.01"]
[SourceVersion "1"]
[SourceVersionDate "2023.06.01"]
[SourceQuality "1"]

1. d4 d5 2. c4 e5 3. dxe5 d4 4. Nf3 Nc6 5. a3 Nge7 6. e3 Bg4 7. exd4 Bxf3 8.
Qxf3 Qxd4 9. Be2 Qxe5 10. Qe3 Nf5 11. Qxe5+ Nxe5 12. O-O Nd4 13. Bd1 O-O-O 14.
b3 Bc5 15. Nc3 Rhe8 16. b4 Be7 17. Ba4 c6 18. c5 Nc4 19. Ra2 Bf6 20. f3 Nxf3+
21. gxf3 Bxc3 22. Bb3 Ne3 23. Bxe3 Rxe3 24. Bxf7 Kc7 25. Kg2 a5 26. bxa5 Ra8
27. Rc2 Rxa5 28. Kf2 Bd4 29. Rc4 Rd3+ 30. Kg3 Bxc5 31. Bg8 Bd6+ 32. Kg4 h5+ 33.
Kh3 Raxa3 34. Kh4 g6 35. Kg5 Bxh2 36. Kxg6 Rxf3 37. Rxf3 Rxf3 38. Kxh5 b5 39.
Rc2 Bd6 40. Be6 Rf6 41. Bg4 Kb6 42. Kg5 Rf7 43. Bf5 Be5 44. Bg6 Rf8 45. Re2
Bf4+ 46. Kg4 Bc1 47. Rc2 Be3 48. Re2 Bd4 49. Re4 c5 50. Bf5 Ka5 51. Kf4 Kb4 52.
Re1 c4 53. Rb1+ Kc5 54. Ke4 Re8+ 55. Kf3 b4 56. Bd7 Re3+ 57. Kf4 b3 0-1

[Event "Central London Open"]
[Site "London"]
[Date "2022.11.06"]
[Round "5.6"]
[White "Bonn, Thomas"]
[Black "Xaxiris, E."]
[Result "1-0"]
[WhiteElo "2189"]
[BlackElo "1979"]
[PlyCount "103"]
[EventDate "2022.11.04"]
[EventType "swiss"]
[EventRounds "5"]
[EventCountry "ENG"]
[SourceTitle "BritBase"]
[Source "John Saunders"]
[SourceDate "2023.06.01"]
[SourceVersion "1"]
[SourceVersionDate "2023.06.01"]
[SourceQuality "1"]

1. d4 Nf6 2. Nf3 e6 3. c4 c5 4. d5 exd5 5. cxd5 d6 6. Nc3 g6 7. Nd2 Bg7 8. Nc4
O-O 9. g3 a6 10. a4 Nbd7 11. Nxd6 Ne5 12. Nxc8 Rxc8 13. Bg2 Qa5 14. O-O Nc4 15.
Qb3 Nd6 16. Bf4 Rfd8 17. e4 Ng4 18. Bh3 f5 19. exf5 gxf5 20. Rae1 Nh6 21. Bxd6
Rxd6 22. Qxb7 Rf8 23. Re6 Qd8 24. Rxd6 Qxd6 25. Qc6 Qxc6 26. dxc6 Rc8 27. Bg2
Kf7 28. Bd5+ Ke7 29. Re1+ Kd8 30. h3 Bd4 31. Rc1 Kc7 32. Re1 Kd8 33. Rc1 Kc7
34. b3 Kd6 35. Bc4 Rxc6 36. Ne2 Ke5 37. Re1 Kf6 38. Nf4 Rd6 39. Re6+ Rxe6 40.
Nxe6 a5 41. Nxd4 cxd4 42. f4 Nf7 43. Bxf7 Kxf7 44. g4 Ke6 45. Kf2 Kd5 46. gxf5
Kd6 47. Kf3 Ke7 48. Ke4 Kf6 49. Kxd4 Kxf5 50. b4 axb4 51. a5 b3 52. Kc3 1-0

[Event "Central London Open"]
[Site "London"]
[Date "2022.11.06"]
[Round "5.7"]
[White "Iyengar, Ilya"]
[Black "Tozer, Philip A A"]
[Result "1/2-1/2"]
[WhiteElo "1979"]
[BlackElo "2082"]
[PlyCount "50"]
[EventDate "2022.11.04"]
[EventType "swiss"]
[EventRounds "5"]
[EventCountry "ENG"]
[SourceTitle "BritBase"]
[Source "John Saunders"]
[SourceDate "2023.06.01"]
[SourceVersion "1"]
[SourceVersionDate "2023.06.01"]
[SourceQuality "1"]

1. d4 e6 2. Nf3 Nf6 3. Bg5 c5 4. e3 Be7 5. Bd3 cxd4 6. exd4 b6 7. c3 O-O 8. Qc2
h6 9. Bf4 Bb7 10. Nbd2 d6 11. O-O Nbd7 12. h3 Rc8 13. Qa4 Bc6 14. Qd1 Qc7 15.
Qe2 Rfe8 16. Rfe1 Rb8 17. a4 Nd5 18. Bh2 N7f6 19. Bb5 Ra8 20. Rec1 Qd7 21. Ne1
a6 22. Bxa6 Bxa4 23. Bd3 Bc6 24. Nc2 b5 25. Nb3 Rxa1 1/2-1/2

[Event "Central London Open"]
[Site "London"]
[Date "2022.11.06"]
[Round "5.8"]
[White "Alldritt, Nigel R E"]
[Black "Chauhan, Pranay"]
[Result "0-1"]
[WhiteElo "2014"]
[BlackElo "1923"]
[PlyCount "76"]
[EventDate "2022.11.04"]
[EventType "swiss"]
[EventRounds "5"]
[EventCountry "ENG"]
[SourceTitle "BritBase"]
[Source "John Saunders"]
[SourceDate "2023.06.01"]
[SourceVersion "1"]
[SourceVersionDate "2023.06.01"]
[SourceQuality "1"]

1. d4 Nf6 2. c4 e6 3. g3 d5 4. Nf3 Be7 5. Bg2 O-O 6. O-O dxc4 7. Qc2 a6 8. a4
Bd7 9. Ne5 Bc6 10. Nxc6 Nxc6 11. Bxc6 bxc6 12. Rd1 Qd5 13. Nc3 Qh5 14. Kg2 Rfd8
15. h3 c5 16. Be3 cxd4 17. Bxd4 Qg6 18. e4 Nd5 19. Be5 Nb4 20. Qe2 Nd3 21. f4
Bd6 22. Bxd6 cxd6 23. Kh2 Rab8 24. Rd2 Rb3 25. Qe3 d5 26. exd5 exd5 27. Nxd5
Qd6 28. Ne7+ Kf8 29. Nf5 Qf6 30. g4 g6 31. Ng3 Rxb2 32. Rad1 Nxf4 33. g5 Rdxd2+
34. Rxd2 Rxd2+ 35. Qxd2 Qe5 36. Qb4+ Kg7 37. Qxc4 Qb2+ 38. Kg1 Qg2# 0-1

[Event "Central London Open"]
[Site "London"]
[Date "2022.11.06"]
[Round "5.9"]
[White "Grigoryan, Meri"]
[Black "Bastianello, Federico"]
[Result "0-1"]
[WhiteElo "1990"]
[BlackElo "1664"]
[PlyCount "89"]
[EventDate "2022.11.04"]
[EventType "swiss"]
[EventRounds "5"]
[EventCountry "ENG"]
[SourceTitle "BritBase"]
[Source "John Saunders"]
[SourceDate "2023.06.01"]
[SourceVersion "1"]
[SourceVersionDate "2023.06.01"]
[SourceQuality "1"]

1. d4 d5 2. Bf4 Nf6 3. e3 c6 4. c3 Bf5 5. Bd3 Bxd3 6. Qxd3 e6 7. Nd2 Bd6 8. Nh3
Bxf4 9. exf4 Nbd7 10. O-O O-O 11. Rfe1 g6 12. Re3 Qc7 13. Rae1 c5 14. Rg3 Nh5
15. Rg4 Ng7 16. Rg5 Nf5 17. g4 Ng7 18. Rge5 Nxe5 19. dxe5 f6 20. Qg3 fxe5 21.
fxe5 Qf7 22. Re3 h5 23. Rf3 Qe8 24. gxh5 Rxf3 25. Nxf3 Nxh5 26. Qg4 Kg7 27.
Nhg5 Kh8 28. Nxe6 Qf7 29. Nfg5 Qd7 30. Qf3 Re8 31. Nxc5 Qf5 32. Qxf5 gxf5 33.
e6 Re7 34. Nd3 a5 35. Kg2 Kg7 36. Kf3 Kf6 37. h4 Rc7 38. Ke3 Rc4 39. f4 Ng7 40.
Ne5 Rc7 41. Nd7+ Ke7 42. Nb6 Kd6 43. Nd7 Nxe6 44. Ne5 b5 45. h5 0-1

[Event "Central London Open"]
[Site "London"]
[Date "2022.11.06"]
[Round "5.10"]
[White "Wells, Tony D"]
[Black "Millward, Kevin P"]
[Result "1-0"]
[WhiteElo "1835"]
[BlackElo "1928"]
[PlyCount "61"]
[EventDate "2022.11.04"]
[EventType "swiss"]
[EventRounds "5"]
[EventCountry "ENG"]
[SourceTitle "BritBase"]
[Source "John Saunders"]
[SourceDate "2023.06.01"]
[SourceVersion "1"]
[SourceVersionDate "2023.06.01"]
[SourceQuality "1"]

1. e4 d6 2. d4 Nf6 3. Nc3 e5 4. Nf3 Nbd7 5. Bc4 Be7 6. h3 c6 7. a4 Qc7 8. Be3
b6 9. Ng5 O-O 10. f4 exd4 11. Qxd4 h6 12. Nf3 Nc5 13. Ba2 Bb7 14. O-O Rad8 15.
Rad1 d5 16. e5 Nfe4 17. f5 Nxc3 18. Qxc3 Ne4 19. Qd3 Rfe8 20. f6 gxf6 21. Nd4
Bf8 22. exf6 Bc8 23. Rf3 Kh7 24. Bb1 c5 25. Nb5 Qe5 26. c4 d4 27. Bf4 Qxf6 28.
Bc7 Qe7 29. Qxe4+ f5 30. Qxe7+ Bxe7 31. Bxd8 1-0

[Event "Central London Open"]
[Site "London"]
[Date "2022.11.06"]
[Round "5.11"]
[White "Chapman, Terry P D"]
[Black "Barbero, Federico"]
[Result "1-0"]
[WhiteElo "2216"]
[BlackElo "1410"]
[PlyCount "97"]
[EventDate "2022.11.04"]
[EventType "swiss"]
[EventRounds "5"]
[EventCountry "ENG"]
[SourceTitle "BritBase"]
[Source "John Saunders"]
[SourceDate "2023.06.01"]
[SourceVersion "1"]
[SourceVersionDate "2023.06.01"]
[SourceQuality "1"]

1. Nf3 d5 2. d4 Nf6 3. c4 c6 4. Qc2 g6 5. Bf4 Bg7 6. e3 O-O 7. Nc3 Nh5 8. Be5
f6 9. Bxb8 Rxb8 10. cxd5 cxd5 11. Nxd5 Bf5 12. Qc7 Qxc7 13. Nxc7 a6 14. Bc4+
Kh8 15. Be6 Be4 16. Ke2 Bxf3+ 17. gxf3 Rfd8 18. Rac1 f5 19. Bb3 e5 20. Ne6 Re8
21. Nxg7 Nxg7 22. Rhd1 exd4 23. Rxd4 Ne6 24. Rd7 h5 25. Rd6 Nf8 26. Rb6 Re7 27.
f4 Rd8 28. Rd1 Rc8 29. Rd2 Kg7 30. Bd5 Rcc7 31. a4 Nh7 32. Bf3 Nf8 33. b4 Ne6
34. Kf1 Rc1+ 35. Kg2 Rcc7 36. a5 Kh6 37. Rdd6 Nf8 38. b5 axb5 39. Rxb5 Rc2 40.
Rxb7 Rxe3 41. Rd8 g5 42. Rxf8 gxf4 43. Rxf5 h4 44. Rh5+ Kg6 45. Rxh4 Ra3 46.
Be4+ Kg5 47. Bxc2 Kxh4 48. Rh7+ Kg4 49. h3+ 1-0

[Event "Central London Open"]
[Site "London"]
[Date "2022.11.06"]
[Round "5.12"]
[White "Jiping, Li"]
[Black "Rogers, Tim L"]
[Result "1/2-1/2"]
[WhiteElo "1658"]
[BlackElo "2019"]
[PlyCount "43"]
[EventDate "2022.11.04"]
[EventType "swiss"]
[EventRounds "5"]
[EventCountry "ENG"]
[SourceTitle "BritBase"]
[Source "John Saunders"]
[SourceDate "2023.06.01"]
[SourceVersion "1"]
[SourceVersionDate "2023.06.01"]
[SourceQuality "1"]

1. Nf3 d5 2. c4 e6 3. d4 Nf6 4. Nc3 Be7 5. Bf4 O-O 6. e3 c5 7. Be2 Nc6 8. O-O
dxc4 9. Bxc4 cxd4 10. Nxd4 Nxd4 11. exd4 Qb6 12. Nb5 Bd7 13. Bc7 Qc6 14. Rc1
Qe4 15. Re1 Qh4 16. g3 Qh3 17. Bf1 Qf5 18. Bd3 Qg5 19. Bf4 Qh5 20. Be2 Qh3 21.
Bf1 Qh5 22. Be2 1/2-1/2

[Event "Central London Open"]
[Site "London"]
[Date "2022.11.06"]
[Round "5.13"]
[White "Dishman, Matthew"]
[Black "Folliard, James"]
[Result "1-0"]
[WhiteElo "1914"]
[BlackElo "1687"]
[PlyCount "109"]
[EventDate "2022.11.04"]
[EventType "swiss"]
[EventRounds "5"]
[EventCountry "ENG"]
[SourceTitle "BritBase"]
[Source "John Saunders"]
[SourceDate "2023.06.01"]
[SourceVersion "1"]
[SourceVersionDate "2023.06.01"]
[SourceQuality "1"]

1. Nf3 d5 2. c4 e6 3. g3 Nf6 4. Bg2 c6 5. b3 Bd6 6. Bb2 O-O 7. O-O Nbd7 8. d3
e5 9. cxd5 cxd5 10. Nbd2 a5 11. e4 d4 12. h3 b5 13. a4 bxa4 14. bxa4 Ba6 15.
Ne1 Rb8 16. Ba3 Nc5 17. Bxc5 Bxc5 18. f4 Nd7 19. fxe5 Qg5 20. Kh2 Nxe5 21. Rf5
Qe7 22. Ndf3 Ng6 23. Rc1 Bb6 24. h4 Qa3 25. h5 Ne7 26. Rg5 f6 27. Rg4 f5 28.
Rh4 fxe4 29. dxe4 Rbd8 30. Qd2 Qxa4 31. h6 g6 32. Qg5 Qd7 33. Bh3 Qd6 34. e5
Qa3 35. Be6+ Kh8 36. Rf4 Rxf4 37. Qxf4 Nf5 38. g4 Qe3 39. Qg5 Qf2+ 40. Ng2 Rf8
41. gxf5 Qxf3 42. fxg6 hxg6 43. Qxg6 Qb7 44. Rc8 Qe7 45. Rxf8+ Qxf8 46. h7 Qg7
47. Qe8+ Kxh7 48. Bf5+ Kh6 49. Nf4 Kg5 50. Ne6+ Kxf5 51. Nxg7+ Ke4 52. Qc6+ Ke3
53. Qxb6 Be2 54. e6 Kd3 55. e7 1-0

[Event "Central London Open"]
[Site "London"]
[Date "2022.11.06"]
[Round "5.15"]
[White "Todd, Jamie"]
[Black "Voecks, Ryan"]
[Result "1-0"]
[WhiteElo "1678"]
[BlackElo "1510"]
[PlyCount "79"]
[EventDate "2022.11.04"]
[EventType "swiss"]
[EventRounds "5"]
[EventCountry "ENG"]
[SourceTitle "BritBase"]
[Source "John Saunders"]
[SourceDate "2023.06.01"]
[SourceVersion "1"]
[SourceVersionDate "2023.06.01"]
[SourceQuality "1"]

1. e4 c5 2. Nf3 d6 3. d4 cxd4 4. Nxd4 Nf6 5. Nc3 a6 6. Bg5 e6 7. f4 Be7 8. Qf3
h6 9. Bxf6 Bxf6 10. O-O-O Qc7 11. g4 Nc6 12. Nce2 b5 13. h4 Bb7 14. g5 Be7 15.
g6 Bf6 16. gxf7+ Kxf7 17. Rg1 Rac8 18. Qb3 Nxd4 19. Nxd4 Bxd4 20. Rxd4 Qc5 21.
Qd3 Kf8 22. Rg6 Kf7 23. e5 Qxc2+ 24. Qxc2 Rxc2+ 25. Kxc2 Rc8+ 26. Kd2 Kxg6 27.
Rxd6 Bd5 28. Rxa6 Rb8 29. Bh3 Kf7 30. a3 Rd8 31. Ke3 Bc4 32. Rd6 Ke7 33. Rxd8
Kxd8 34. Kd4 Kd7 35. Kc5 Be2 36. Bg2 Ke7 37. Bc6 Kf7 38. Bxb5 Bf3 39. Kd6 Bd5
40. Bd7 1-0

[Event "Central London Major"]
[Site "London"]
[Date "2022.11.04"]
[Round "1.1"]
[White "Virgin, Jack"]
[Black "Sarfas, Robin"]
[Result "1-0"]
[WhiteElo "1849"]
[BlackElo "1618"]
[PlyCount "57"]
[EventDate "2022.11.04"]
[EventType "swiss"]
[EventRounds "5"]
[EventCountry "ENG"]
[SourceTitle "BritBase"]
[Source "John Saunders"]
[SourceDate "2023.06.01"]
[SourceVersion "1"]
[SourceVersionDate "2023.06.01"]
[SourceQuality "1"]

1. e4 c5 2. Nc3 Nc6 3. f4 g6 4. Nf3 Bg7 5. Bc4 e6 6. O-O Nge7 7. d3 O-O 8. e5
a6 9. Ne4 d5 10. exd6 Nf5 11. c3 Nxd6 12. Nxc5 Nxc4 13. dxc4 Qb6 14. Be3 Rd8
15. Qb3 Qxb3 16. Nxb3 e5 17. fxe5 Be6 18. c5 h6 19. Nbd4 Nxd4 20. cxd4 Rac8 21.
Nd2 Bd5 22. b3 b6 23. cxb6 Rc3 24. Rfe1 Bf8 25. Rac1 Rdc8 26. Nc4 Rxc1 27. Rxc1
Kg7 28. Nd6 Rb8 29. Rc5 1-0

[Event "Central London Major"]
[Site "London"]
[Date "2022.11.04"]
[Round "1.2"]
[White "Chiang, Richard"]
[Black "Boudkeev, Timour"]
[Result "1-0"]
[WhiteElo "1613"]
[BlackElo "1839"]
[PlyCount "59"]
[EventDate "2022.11.04"]
[EventType "swiss"]
[EventRounds "5"]
[EventCountry "ENG"]
[SourceTitle "BritBase"]
[Source "John Saunders"]
[SourceDate "2023.06.01"]
[SourceVersion "1"]
[SourceVersionDate "2023.06.01"]
[SourceQuality "1"]

1. c4 e5 2. Nc3 Nf6 3. g3 Nc6 4. Bg2 Be7 5. e3 O-O 6. Nge2 d6 7. O-O Bg4 8. a3
Qd7 9. Re1 Bh3 10. Bh1 Qf5 11. d3 Rad8 12. b4 a6 13. b5 axb5 14. Nxb5 Ng4 15.
f3 Nh6 16. Nxc7 Qd7 17. Nd5 f5 18. Qc2 Bg5 19. Rb1 Ne7 20. Qb3 Nxd5 21. cxd5
Rb8 22. Qb4 b5 23. Bg2 Bxg2 24. Kxg2 f4 25. exf4 exf4 26. Bxf4 Bxf4 27. Nxf4
Nf7 28. Ne6 Rfe8 29. f4 Rb6 30. Qd4 1-0

[Event "Central London Major"]
[Site "London"]
[Date "2022.11.04"]
[Round "1.3"]
[White "Jacob, Sydney J"]
[Black "Moni, Claudio"]
[Result "1-0"]
[WhiteElo "1795"]
[BlackElo "1580"]
[PlyCount "107"]
[EventDate "2022.11.04"]
[EventType "swiss"]
[EventRounds "5"]
[EventCountry "ENG"]
[SourceTitle "BritBase"]
[Source "John Saunders"]
[SourceDate "2023.06.01"]
[SourceVersion "1"]
[SourceVersionDate "2023.06.01"]
[SourceQuality "1"]

1. e4 d5 2. exd5 Qxd5 3. Nc3 Qa5 4. d4 Nf6 5. Nf3 Bf5 6. Bd2 e6 7. a3 c6 8. Bc4
Nbd7 9. O-O Qc7 10. Rc1 Nb6 11. Be2 Be7 12. h3 h6 13. Re1 O-O 14. g4 Bh7 15. g5
hxg5 16. Bxg5 Nfd5 17. Nxd5 Nxd5 18. c4 Nf4 19. Bxf4 Qxf4 20. Bd3 Bf5 21. Bxf5
Qxf5 22. Kg2 Bf6 23. Qc2 Qxc2 24. Rxc2 Rfd8 25. Rd2 Rd6 26. b3 Rad8 27. Red1
Kf8 28. Kg3 e5 29. dxe5 Bxe5+ 30. Kg2 Rxd2 31. Rxd2 Rxd2 32. Nxd2 Ke7 33. Kf3
a5 34. Ne4 b6 35. Ke3 f6 36. a4 f5 37. f4 Bxf4+ 38. Kxf4 fxe4 39. Kxe4 Kf6 40.
h4 Ke6 41. h5 Kf6 42. Kf4 Ke7 43. Kf5 Kf8 44. Ke6 c5 45. Kd6 Kf7 46. Kc6 Kf6
47. Kxb6 Kg5 48. Kxa5 Kxh5 49. Kb5 g5 50. a5 g4 51. a6 g3 52. a7 g2 53. a8=Q
g1=Q 54. Qh8+ 1-0

[Event "Central London Major"]
[Site "London"]
[Date "2022.11.04"]
[Round "1.4"]
[White "Ward-Riggs, Samuel"]
[Black "Hall, Antony C"]
[Result "0-1"]
[WhiteElo "1552"]
[BlackElo "1794"]
[PlyCount "92"]
[EventDate "2022.11.04"]
[EventType "swiss"]
[EventRounds "5"]
[EventCountry "ENG"]
[SourceTitle "BritBase"]
[Source "John Saunders"]
[SourceDate "2023.06.01"]
[SourceVersion "1"]
[SourceVersionDate "2023.06.01"]
[SourceQuality "1"]

1. e4 d6 2. d4 Nf6 3. Nc3 g6 4. h3 c6 5. Be3 Qa5 6. Bd3 Nbd7 7. f4 e5 8. Nf3
Bg7 9. O-O O-O 10. f5 exd4 11. Bxd4 Nc5 12. fxg6 fxg6 13. Bc4+ Be6 14. Bxe6+
Nxe6 15. Bxf6 Qc5+ 16. Kh1 Bxf6 17. Qd2 Nd4 18. Rad1 Nxf3 19. Rxf3 Be5 20. Rdf1
Rxf3 21. Rxf3 Rf8 22. Rxf8+ Kxf8 23. Qd3 Qf2 24. Qf3+ Qxf3 25. gxf3 Ke7 26. Kg2
Ke6 27. Kf2 Bd4+ 28. Kg3 Bxc3 29. bxc3 Ke5 30. Kg4 h6 31. h4 b5 32. h5 g5 33.
a3 d5 34. exd5 cxd5 35. Kg3 Kf5 36. Kh3 Kf4 37. Kg2 Ke3 38. Kg3 a5 39. Kg4 a4
40. Kg3 Kd2 41. f4 gxf4+ 42. Kxf4 Kxc3 43. Ke5 Kxc2 44. Kxd5 Kb3 45. Kc5 Kxa3
46. Kxb5 Kb3 0-1

[Event "Central London Major"]
[Site "London"]
[Date "2022.11.04"]
[Round "1.5"]
[White "McKerracher, Douglas"]
[Black "Sainbayar, Anuurai"]
[Result "1-0"]
[WhiteElo "1784"]
[BlackElo "1514"]
[PlyCount "49"]
[EventDate "2022.11.04"]
[EventType "swiss"]
[EventRounds "5"]
[EventCountry "ENG"]
[SourceTitle "BritBase"]
[Source "John Saunders"]
[SourceDate "2023.06.01"]
[SourceVersion "1"]
[SourceVersionDate "2023.06.01"]
[SourceQuality "1"]

1. e4 e6 2. d3 c5 3. g3 Nc6 4. Bg2 e5 5. Nc3 h6 6. f4 d6 7. Nf3 Nf6 8. O-O Bg4
9. h3 Bxf3 10. Qxf3 Nd4 11. Qf2 b5 12. fxe5 dxe5 13. Nd5 Be7 14. c3 Ne6 15. Be3
Rc8 16. Rad1 Nc7 17. Nxe7 Qxe7 18. Bxc5 Qe6 19. a3 a6 20. d4 exd4 21. cxd4 Qd7
22. d5 a5 23. e5 Nfxd5 24. Bxd5 Nxd5 25. e6 1-0

[Event "Central London Major"]
[Site "London"]
[Date "2022.11.04"]
[Round "1.6"]
[White "Pristin, Michael"]
[Black "Cooper, Malcolm H"]
[Result "0-1"]
[WhiteElo "1486"]
[BlackElo "1783"]
[PlyCount "50"]
[EventDate "2022.11.04"]
[EventType "swiss"]
[EventRounds "5"]
[EventCountry "ENG"]
[SourceTitle "BritBase"]
[Source "John Saunders"]
[SourceDate "2023.06.01"]
[SourceVersion "1"]
[SourceVersionDate "2023.06.01"]
[SourceQuality "1"]

1. e4 c5 2. Nf3 Nc6 3. Nc3 d6 4. d4 cxd4 5. Nxd4 Nf6 6. Be3 e6 7. Be2 Be7 8.
Qd2 a6 9. O-O-O Nxd4 10. Bxd4 b5 11. Bf3 Bb7 12. e5 Bxf3 13. exf6 Bxd1 14. fxe7
Qxe7 15. Rxd1 O-O 16. Qe2 Qg5+ 17. Be3 Qxg2 18. Rd4 Qxh2 19. Rg4 Qe5 20. Ne4 f5
21. Rg5 Qxe4 22. c3 Rac8 23. Qh5 Rf7 24. Rg3 f4 25. Qg4 Rc4 0-1

[Event "Central London Major"]
[Site "London"]
[Date "2022.11.04"]
[Round "1.7"]
[White "McAleenan, Charles"]
[Black "Lazarevic, Ljubica"]
[Result "1-0"]
[WhiteElo "1760"]
[BlackElo "1477"]
[PlyCount "89"]
[EventDate "2022.11.04"]
[EventType "swiss"]
[EventRounds "5"]
[EventCountry "ENG"]
[SourceTitle "BritBase"]
[Source "John Saunders"]
[SourceDate "2023.06.01"]
[SourceVersion "1"]
[SourceVersionDate "2023.06.01"]
[SourceQuality "1"]

1. d4 d5 2. Nc3 Nf6 3. Bf4 c6 4. e3 Bf5 5. f3 Nbd7 6. g4 Bg6 7. h4 h5 8. g5 Nh7
9. Bd3 Bxd3 10. Qxd3 g6 11. e4 e5 12. dxe5 Nc5 13. Qd4 dxe4 14. Qxd8+ Rxd8 15.
fxe4 Bg7 16. Nf3 Nf8 17. O-O Nfe6 18. Bg3 Ke7 19. Rad1 Rd7 20. Rd6 Rhd8 21.
Rfd1 Bf8 22. Kf2 Ke8 23. Rxd7 Rxd7 24. Rxd7 Nxd7 25. Ke2 Bb4 26. Nd1 Bc5 27. c3
Ke7 28. b4 Bb6 29. Nb2 Bc7 30. Nc4 b5 31. Nd6 a5 32. a3 axb4 33. axb4 Kf8 34.
Kd3 Nb6 35. Nd4 Nxd4 36. cxd4 Bxd6 37. exd6 Ke8 38. Bf2 Nc4 39. Bg3 Kd7 40. d5
Nxd6 41. dxc6+ Kxc6 42. Bxd6 Kxd6 43. Kd4 Ke6 44. e5 Kd7 45. Kc5 1-0

[Event "Central London Major"]
[Site "London"]
[Date "2022.11.04"]
[Round "1.9"]
[White "McDonnell, James J"]
[Black "Farahmandpour, Ehsan"]
[Result "1-0"]
[WhiteElo "1755"]
[BlackElo "1427"]
[PlyCount "75"]
[EventDate "2022.11.04"]
[EventType "swiss"]
[EventRounds "5"]
[EventCountry "ENG"]
[SourceTitle "BritBase"]
[Source "John Saunders"]
[SourceDate "2023.06.01"]
[SourceVersion "1"]
[SourceVersionDate "2023.06.01"]
[SourceQuality "1"]

1. e4 c6 2. d4 d5 3. e5 c5 4. c3 Nc6 5. Bb5 cxd4 6. cxd4 Bd7 7. Nc3 e6 8. a3
Nge7 9. Nf3 Qb6 10. Ba4 Nf5 11. Ne2 Be7 12. O-O O-O 13. Bc2 f6 14. Bxf5 exf5
15. Nf4 fxe5 16. Nxd5 Qd8 17. dxe5 Be6 18. Nxe7+ Nxe7 19. Qxd8 Rfxd8 20. Bg5
Rd7 21. Bxe7 Rxe7 22. Nd4 Kf7 23. f4 Rd7 24. Nf3 Bb3 25. Rfe1 a5 26. e6+ Bxe6
27. Ne5+ Ke7 28. Nxd7 Kxd7 29. Rad1+ Ke7 30. Rd4 Kf6 31. Rd6 Re8 32. Re5 h5 33.
Rb6 g5 34. g3 h4 35. Kf2 Re7 36. Rxa5 g4 37. gxh4 Kf7 38. Re5 1-0

[Event "Central London Major"]
[Site "London"]
[Date "2022.11.04"]
[Round "1.10"]
[White "Hutchence, Gregg SH"]
[Black "Slegg, Gary"]
[Result "1-0"]
[WhiteElo "1369"]
[BlackElo "1747"]
[PlyCount "127"]
[EventDate "2022.11.04"]
[EventType "swiss"]
[EventRounds "5"]
[EventCountry "ENG"]
[SourceTitle "BritBase"]
[Source "John Saunders"]
[SourceDate "2023.06.01"]
[SourceVersion "1"]
[SourceVersionDate "2023.06.01"]
[SourceQuality "1"]

1. c4 e5 2. g3 Nc6 3. Bg2 Nf6 4. d3 Bc5 5. Nf3 h6 6. O-O O-O 7. Nc3 d5 8. cxd5
Nxd5 9. Nxd5 Qxd5 10. Ng5 Qd6 11. Ne4 Qe7 12. Nxc5 Qxc5 13. Be3 Qb5 14. Qd2 Qb4
15. Qxb4 Nxb4 16. Bc5 a5 17. Bxf8 Kxf8 18. Rfc1 c6 19. a3 Na6 20. Rc3 Nc7 21.
a4 Ne6 22. e3 Bd7 23. Rac1 Rc8 24. h4 Rc7 25. Bh3 Nd4 26. exd4 exd4 27. Rc4
Bxh3 28. Rxd4 Be6 29. Kg2 g5 30. hxg5 hxg5 31. Rc5 f6 32. Rxa5 Bd5+ 33. Kf1 Rh7
34. Ra8+ Ke7 35. b4 Bf3 36. Ke1 Rh1+ 37. Kd2 Rd1+ 38. Ke3 g4 39. Rdd8 Re1+ 40.
Kf4 Rf1 41. Re8+ Kd7 42. Rad8+ Kc7 43. Ke3 Re1+ 44. Kd4 Rb1 45. Kc3 Rf1 46. a5
Rxf2 47. Kd4 Rb2 48. Rc8+ Kd7 49. Kc5 Rc2+ 50. Kb6 Rb2 51. Red8+ Ke7 52. Rd4
Ke6 53. Rb8 Rg2 54. Rxb7 c5 55. bxc5 Bxb7 56. Rd6+ Ke7 57. Kxb7 Rb2+ 58. Rb6
Rd2 59. Rb3 Rc2 60. d4 Rc4 61. a6 Rxd4 62. c6 Rc4 63. a7 Kd6 64. Rd3+ 1-0

[Event "Central London Major"]
[Site "London"]
[Date "2022.11.04"]
[Round "1.12"]
[White "Demelo, Caitano"]
[Black "Finnegan, Oliver"]
[Result "0-1"]
[WhiteElo "1229"]
[BlackElo "1696"]
[PlyCount "124"]
[EventDate "2022.11.04"]
[EventType "swiss"]
[EventRounds "5"]
[EventCountry "ENG"]
[SourceTitle "BritBase"]
[Source "John Saunders"]
[SourceDate "2023.06.01"]
[SourceVersion "1"]
[SourceVersionDate "2023.06.01"]
[SourceQuality "1"]

1. e4 e6 2. d4 d5 3. e5 c5 4. c3 Bd7 5. Nf3 a6 6. a4 Nc6 7. Qc2 Rc8 8. Be3 cxd4
9. Nxd4 Nxe5 10. Qb3 Qc7 11. Bf4 Nd3+ 12. Bxd3 Qxf4 13. Nf3 Qc1+ 14. Qd1 Qxd1+
15. Kxd1 Bc5 16. Ke2 Nf6 17. b4 Ba7 18. h3 Ke7 19. Ra3 Kd6 20. Nbd2 e5 21. Ng5
Ke7 22. h4 Ng4 23. f3 Nf2 24. Rf1 Nxd3 25. Kxd3 b5 26. a5 f6 27. Nh3 Bf5+ 28.
Ne4 dxe4+ 29. fxe4 Bxh3 30. gxh3 Rhd8+ 31. Ke2 Rc4 32. Kf3 Rd3+ 33. Ke2 Rdxc3
34. Rf3 Rxa3 35. Rxa3 Rxe4+ 36. Kd2 Rxb4 37. Rg3 Kf7 38. Rc3 Rc4 39. Rf3 Rxh4
40. Rc3 Rc4 41. Rf3 Bd4 42. h4 g6 43. Rg3 f5 44. Rh3 e4 45. h5 Bc3+ 46. Rxc3
Rxc3 47. Kxc3 Ke6 48. hxg6 hxg6 49. Kd4 Kd6 50. Kc3 e3 51. Kd3 f4 52. Ke4 e2
53. Kxf4 e1=Q 54. Kg5 Qf2 55. Kh6 g5 56. Kxg5 Qf3 57. Kg6 Qf4 58. Kg7 Qf5 59.
Kh8 Qd7 60. Kg8 Ke6 61. Kh8 Kf6 62. Kg8 Qg7# 0-1

[Event "Central London Major"]
[Site "London"]
[Date "2022.11.04"]
[Round "1.13"]
[White "Baroukh, Leon"]
[Black "Ibanez, Bittor"]
[Result "1-0"]
[WhiteElo "1695"]
[BlackElo "1065"]
[PlyCount "77"]
[EventDate "2022.11.04"]
[EventType "swiss"]
[EventRounds "5"]
[EventCountry "ENG"]
[SourceTitle "BritBase"]
[Source "John Saunders"]
[SourceDate "2023.06.01"]
[SourceVersion "1"]
[SourceVersionDate "2023.06.01"]
[SourceQuality "1"]

1. c4 c5 2. Nc3 e6 3. e4 d6 4. b3 Be7 5. Bb2 Nc6 6. Bd3 Nf6 7. Nge2 O-O 8. O-O
a6 9. f4 Nb4 10. Bb1 b5 11. cxb5 axb5 12. a3 Nc6 13. Nxb5 Ba6 14. Nbc3 c4 15.
b4 Qb6+ 16. Kh1 Nd4 17. Na4 Qa7 18. Bxd4 Qb7 19. Bxf6 Bxf6 20. Nac3 Bb5 21. Qc2
Bc6 22. Ra2 Be7 23. Nd4 d5 24. e5 g6 25. f5 exf5 26. Nxf5 d4 27. Nxe7+ Qxe7 28.
Ne4 d3 29. Qxc4 Qe6 30. Nf6+ Kh8 31. Qh4 h5 32. Qg5 Kg7 33. Nxh5+ Kh7 34. Bxd3
Bxg2+ 35. Qxg2 Qxa2 36. Nf4 Rxa3 37. Nxg6 fxg6 38. Qxg6+ Kh8 39. Qh7# 1-0